1824 1231 1461 1022 1567 1168 1037 1956 1238 1093 1898 1437 1870 1779 1978 1934 1433 1332 1589 1326 1029 1237 1577 1211 1950 1986 1779 1343 1517 1282 1795 1296 1381 1121 1983 1125 1943 1079 1556 1334 1597 1352 1743 1024 1818 1755 1522 1840 1679 1874 1410 1674 1361 1872 1044 1423 1525 1016 1472 1528 1346 1902 1334 1773 1703 1675 1644 1465 1100 1924 1543 1786 1122 1336 1842 1883 1148 1057 1525 1495 1475 1341 1518 1125 1143 1764 1394 1755 1351 1110 1956 1381 1778 1586 1268 1532 1251 1863 1679 BCNSPRNW ULIB Ver.6.0+V

เปลี่ยนเป็นภาษาไทย

Change to English
 แสดงรายละเอียดบรรณานุกรม
  กลับหน้าหลัก

Brief Record : Get Marc (ISO 2709) : E-mail record : QR code < ปิดหน้าต่าง
LEADER : 00000nam 2200000uu 4500
001    13399110963
003     ULIB
008    110614s||||||||th 000 0 tha d
020    974945605x
050  4 AC^bป399บ 2549
245 10 บันทึกคำ บันทึกคน 1 :^bรวมความเรียบเรียงเรื่องย่อจากรายการคนค้นคน ปีที่ 1 /^cบรรณาธิการ : ประสาน อิงคนันท์
246 31 ชื่อเรื่องจากปก : ค้นคำจากแฟ้มคน รวมคนต้นเรื่องจากรายการคนค้นคน ปีที่ 1
250    พิมพ์ครั้งที่ 1
260    กรุงเทพฯ :^bพิมพ์บูรพา,^c2549
300    206, [8] หน้า :^bภาพประกอบ
650  4 ไทย^vชีวประวัติ^xรวมเรื่อง
700 0  ประสาน อิงคนันท์, บรรณาธิการ
945    ^p195^l0^i019622
995    ทศพร
999 ^a ใช้งานได้ทุกระบบ
รายการนี้ยังไม่มีแท็ก
คุณยังไม่ได้ล็อกอิน คุณสามารถมีกิจกรรมร่วมกับเว็บไซต์ได้ แต่ต้องล็อกอินก่อน ::
  ล็อกอิน

รายการสื่อสารสนเทศ

ลำดับที่ ประเภท เลขเรียก/บาร์โค้ด สถานที่ สถานะ
- ไม่พบข้อมูล -

BibComment


ยังไม่เคยถูกคอมเมนท์

คอมเมนท์ทรัพยากรรายการนี้
  คอมเมนท์: บันทึกคำ บันทึกคน..


 Copyright 2026. Bcnsprnw @Library